|
|
|
|
| LEADER |
00727nam a2200205 a 4500 |
| 001 |
c000085724 |
| 003 |
CARM |
| 005 |
00000000000000.0 |
| 008 |
920810s1943 enk 00011 eng d |
| 019 |
1 |
|
|a 9183487
|5 LACONCORD2021
|
| 035 |
|
|
|a (OCoLC)221061795
|5 LACONCORD2021
|
| 040 |
|
|
|a VLINC
|c VLINC
|
| 100 |
1 |
|
|a Campbell, Alice.
|
| 245 |
1 |
0 |
|a Ringed with fire /
|c by Alice Campbell.
|
| 260 |
|
|
|a London :
|b Collins for Crime Club,
|c 1943.
|
| 300 |
|
|
|a 192 p. ;
|c 20 cm.
|
| 852 |
8 |
|
|b CARM
|h A2:AH07G0
|i A01887
|p 0135195
|f BK
|
| 082 |
0 |
4 |
|a 823.912
|2 20
|
| 999 |
f |
f |
|i 19d70e9e-a935-5249-81ad-186c9be2600b
|s 3c3860ae-dbe1-5ed3-8e0a-b851e88d11f7
|
| 952 |
f |
f |
|p Can circulate
|a CAVAL
|b CAVAL
|c CAVAL
|d CARM 1 Store
|e A01887
|f A2:AH07G0
|h Other scheme
|i book
|m 0135195
|